| 000 | 00734nam a22001937a 4500 | ||
|---|---|---|---|
| 999 |
_c19074 _d19074 |
||
| 003 | AR-CdUCM | ||
| 008 | 190516b ||||| |||| 00| 0 spa d | ||
| 040 |
_aMUNICIPALIDAD PROVINCIAL DEL CUSCO _cBIBLIOTECA MUNICIPAL DEL CUSCO |
||
| 082 |
_a373.4 / _bT77 |
||
| 245 | _aIntroducción a la investigación educacional / | ||
| 260 |
_aBuenos Aires : _bEd. Paidos, _c1971. |
||
| 300 |
_a525 paginas ; _c21 cm. |
||
| 505 | _aContenido :El concepto de investigación --Realización de una investigación dentro del marco de una teoría --Sectores de la investigación educacional ... | ||
| 650 |
_aEducación _9460 |
||
| 650 |
_aInvestigación _91940 |
||
| 650 |
_aMetodología _92264 |
||
| 942 |
_2ddc _cLIBROS |
||
| 945 |
_arjall _d2019-05-16 |
||